000 00293nam a22001337a 4500
008 190225b xxu||||| |||| 00| 0 eng d
020 _a0867092467
041 _aeng
080 _a371
100 _a46
101 _aEDU
245 _aAdvanced Placement English
_cOlson,G.A
942 _2udc
_cBK
999 _c54169
_d54169